Sistemas electorales y sistema de partidos políticos en México /
সংরক্ষণ করুন:
| প্রধান লেখক: | |
|---|---|
| বিন্যাস: | পাঠ্য |
| ট্যাগগুলো: |
ট্যাগ যুক্ত করুন
কোনো ট্যাগ নেই, প্রথমজন হিসাবে ট্যাগ করুন!
|
MARC
| LEADER | 00000 a a2200000 04500 | ||
|---|---|---|---|
| 001 | 43585 | ||
| 003 | |||
| 040 | |||
| 100 | |a Ojesto, Fernando | ||
| 245 | |a Sistemas electorales y sistema de partidos políticos en México / |c Fernando Ojesto | ||
| 773 | |g páginas 39-45 | ||
| 999 | |c 34724 |d 34724 | ||
